000 nam a22 7a 4500
999 _c8088
_d8088
008 171127b xxu||||| |||| 00| 0 eng d
100 _aPeach.D.G.
_94535
245 _aJoan of Arc
260 _aLondon
_bLady Briden
_c1989